[Event "World ol U16"]
[Site "Ulaanbaatar"]
[Date "2015.08.24"]
[Round "5.4"]
[White "Omurbekova, Diana"]
[Black "Xian, He"]
[Result "1/2-1/2"]
[WhiteElo "1707"]
[BlackElo "1754"]
[PlyCount "59"]
[EventDate "2015.08.20"]
[EventType "team-swiss"]
[EventRounds "9"]
[EventCountry "MGL"]
[SourceTitle "EXT 2016"]
[Source "ChessBase"]
[SourceDate "2015.10.08"]
[SourceVersion "1"]
[SourceVersionDate "2015.10.08"]
[SourceQuality "1"]
[WhiteTeam "Kyrgyzstan"]
[BlackTeam "China II"]
[WhiteTeamCountry "KGZ"]
[BlackTeamCountry "CHN"]

1. e4 c5 2. Nf3 g6 3. g3 Bg7 4. Bg2 Nc6 5. 0-0 d6 6. d3 e5 7. Nc3 Nge7 8. Nh4 0-0 9. Be3 Rb8 10. Qd2 Be6 11. h3 Qd7 12. Kh2 b6 13. Bh6 d5 14. Bxg7 Kxg7 15. f4 dxe4 16. Nxe4 f5 17. Ng5 exf4 18. Qxf4 Bd5 19. Ngf3 Rbe8 20. Ne5 Nxe5 21. Qxe5+ Kg8 22. Qf4 Bxg2 23. Nxg2 Nd5 24. Qf2 Qg7 25. c3 Qh6 26. Rae1 Nf6 27. Nh4 Nd5 28. Ng2 Nf6 29. Nh4 Nd5 30. Ng2 1/2-1/2